| 000 -CABECERA |
| Longitud fija campo de control |
00932nam a2200241 a 4500 |
| 003 - IDENTIFICADOR DEL NÚMERO DE CONTROL |
| Identificador del número de control |
CDMR |
| 005 - FECHA Y HORA DE LA ÚLTIMA TRANSACCIÓN |
| Fecha y hora de la última transacción |
20231018130514.0 |
| 008 - CÓDIGOS DE INFORMACIÓN DE LONGITUD FIJA |
| Códigos de información de longitud fija |
140319s2014 spco ||c 000 0|cat|d |
| 020 ## - NÚMERO INTERNACIONAL NORMALIZADO PARA LIBROS |
| Número Internacional Normalizado para Libros (ISBN) |
9788415118794 |
| 040 ## - FUENTE DE LA CATALOGACIÓN |
| Lengua de catalogación |
cat |
| Centro transcriptor |
CDMR |
| 100 0# - PUNTO DE ACCESO PRINCIPAL-NOMBRE DE PERSONA |
| Nombre de persona |
Colita |
| 9 (RLIN) |
3026 |
| 245 10 - MENCIÓN DE TÍTULO |
| Título |
Colita fotografía, Barcelona |
| Mención de responsabilidad, etc. |
/ [text: Laura Terré] |
| 246 32 - VARIANTES DE TÍTULO |
| Título propio / Título en breve |
Colita, perquè sí! |
| 260 ## - PUBLICACIÓN, DISTRIBUCIÓN, ETC. (PIE DE IMPRENTA) |
| Lugar de publicación, distribución, etc. |
Barcelona : |
| Nombre del editor, distribuidor, etc. |
Fundació Catalunya-La Pedrera, |
| Fecha de publicación, distribución, etc. |
cop. 2014 |
| 300 ## - DESCRIPCIÓN FÍSICA |
| Extensión |
183 p. : |
| Otras características físicas |
fotos ; |
| Dimensiones |
28 cm |
| 500 ## - NOTA GENERAL |
| Nota general |
Es reprodueix la fotografia del Gran Gilbert a la Bodega Bohèmia (1963), del Fons Colita del Centre de Documentació i Museu de les Arts Esceniques (MAE), p. 73 |
| 504 ## - NOTA DE BIBLIOGRAFÍA, ETC |
| Nota de bibliografía, etc. |
Biobibliografia |
| 505 ## - NOTA DE CONTENIDO CON FORMATO |
| Nota de contenido con formato |
Catàleg de l'exposició "Colita, perquè sí!", La Pedrera, Barcelona, 11 març a 13 juliol 2014 |
| 600 04 - PUNTO DE ACCESO ADICIONAL DE MATERIA - NOMBRE DE PERSONA |
| Nombre de persona |
Colita |
| Subdivisión de materia general (R ) |
Exposicions |
| 9 (RLIN) |
3026 |
| 650 #4 - PUNTO DE ACCESO ADICIONAL DE MATERIA - TÉRMINO DE MATERIA |
| Término de materia o nombre geográfico como elemento inicial |
Fotògrafes |
| Subdivisión geográfica |
Catalunya |
| Subdivisión de forma |
Exposicions |
| 700 1# - PUNTO DE ACCESO ADICIONAL - NOMBRE DE PERSONA |
| Nombre de persona |
Terré, Laura |
| 942 ## - ENTRADA DE ELEMENTOS AGREGADOS (KOHA) |
| Koha [por defecto] tipo de item |
Monografies |
| Fuente de clasificaión o esquema |
|